00682nam a2200193 a 450000100100000000500170001000800410002704000250006808200160009311000320010924000170014124500380015825000160019626000560021230000220026804900090029095201720029999900170047100003273220200930065812.0100222s1924 dr 001 0 spa d aDO-SdBNPbspacBNPHU axxxxbR426l1 aRepública Dominicana944713a[Leyes etc.]10aLey sobre estadística nacional. aed. oficial aSanto Domingo :bImp. de J. R. Vda García,c1924. a16 p. : ;c26 cm. aBNPD 0010718PDaPDbPDcCTd2011-07-25iLF1l0oxxxx R426lp32732-10r2020-06-25w2020-06-25yLFPDzPerteneció a la biblioteca personal de Martínez BoogZNo se presta c32223d32223